000 00373nam a2200145Ia 4500
008 230917s9999||||xx |||||||||||||| ||und||
040 _e42101
_aMAIN
041 _aEnglish
082 _a973.92 H668I
100 _aHodgson, Godfrey
245 0 _aIn our time: America from world war ii to Nixon
260 _aLondon
_bMacmillan
_c1977
300 _ax, 564 p.
942 _cBK
999 _c224170
_d224170